METODOS INSTRUMENTALES DE ANALISIS (Registro nro. 37226)
[ vista simple ]
| 000 -LEADER | |
|---|---|
| fixed length control field | 00417nam a2200157 a 4500 |
| 001 - CONTROL NUMBER | |
| control field | 37226 |
| 005 - DATE AND TIME OF LATEST TRANSACTION | |
| control field | 20180714010102.0 |
| 008 - FIXED-LENGTH DATA ELEMENTS--GENERAL INFORMATION | |
| fixed length control field | 140415s1991 000 0 spa d |
| 020 ## - INTERNATIONAL STANDARD BOOK NUMBER | |
| International Standard Book Number | 9687270837 |
| 041 ## - LANGUAGE CODE | |
| Language code of text/sound track or separate title | spa |
| 082 ## - DEWEY DECIMAL CLASSIFICATION NUMBER | |
| Classification number | 544.9 |
| Item number | MET |
| 245 00 - TITLE STATEMENT | |
| Title | METODOS INSTRUMENTALES DE ANALISIS |
| 260 ## - PUBLICATION, DISTRIBUTION, ETC. | |
| Place of publication, distribution, etc. | [s.l.] : |
| Name of publisher, distributor, etc. | GRUPO EDITORIAL IBEROAMERICA, |
| Date of publication, distribution, etc. | 1991 |
| 300 ## - PHYSICAL DESCRIPTION | |
| Extent | 879 |
| 650 14 - SUBJECT ADDED ENTRY--TOPICAL TERM | |
| Topical term or geographic name entry element | QUIMICA ANALITICA |
| Withdrawn status | Lost status | Source of classification or shelving scheme | Damaged status | Not for loan | Collection code | Home library | Current library | Shelving location | Date acquired | Source of acquisition | Inventory number | Total Checkouts | Full call number | Barcode | Date last seen | Date last checked out | Price effective from | Koha item type |
|---|---|---|---|---|---|---|---|---|---|---|---|---|---|---|---|---|---|---|
| Dewey Decimal Classification | General | Biblioteca Karol Wojtyla | Biblioteca Karol Wojtyla | Sala general | 03/12/2013 | Compra | 151000000000000000038890 | 544.9 MET | 56011 | 05/01/2026 | 28/03/2017 | 03/12/2013 | Libro |